Course in phonetics and spoken English (Record no. 396458)

MARC details
000 -LEADER
fixed length control field 00553 a2200217 4500
005 - DATE & TIME
control field 20260409145112.0
008 - FIXED-LENGTH DATA ELEMENTS--GENERAL INFORMATION
fixed length control field 260409b |||||||| |||| 00| 0 eng d
020 ## - ISBN
International Standard Book Number 9788120314955
Price Rs. 495.00
040 ## - CATALOGING SOURCE
Original cataloging agency VIVEKANANDA LIBRARY
082 ## - DDC NUMBER
Classification number 421.52
Book Number S75C(2)
100 ## - MAIN ENTRY--PERSONAL NAME
Personal name Sethi, J
245 ## - TITLE STATEMENT
Title Course in phonetics and spoken English
250 ## - EDITION STATEMENT
Edition statement 2nd
260 ## - PUBLICATION, DISTRIBUTION, ETC. (IMPRINT)
Name of publisher, distributor, etc PHI Learning
Place of publication, distribution, etc Delhi
Date of publication, distribution, etc 2025
300 ## - PHYSICAL DESCRIPTION
Pages ix, 221
650 ## - Subject
Subject English Language
650 ## - Subject
Subject English Writing System
650 ## - Subject
Subject Spoken English
700 ## - Added Entry Personal Name
Added Entry Personal Name Dhamija, P V
942 ## - ADDED ENTRY ELEMENTS (KOHA)
Koha item type Books
Holdings
Withdrawn status Lost status Source of classification or shelving scheme Damaged status Not for loan Location (home branch) Sublocation or collection (holding branch) Shelving location Date acquired Koha issues (times borrowed) Koha full call number Accession No. Koha date last seen Koha item type
    Dewey Decimal Classification     VIVEKANANDA LIBRARY VIVEKANANDA LIBRARY Vivekananda Library 02/02/2026   421.52 S75C(2) 444763 02/02/2026 Books
© Designed and Maintained by Vivekananda Library, MDU Rohtak